006580000a220019300045000410008000000820018000081000033000262450121000592500018001802600020001983000012002180010005002309420007002359520117002429990017003593360027003763370033004033380028004360 aSPA04aG 289.9 V695e1 aVila Ventura, Samuel (1902-)10aEl espiritismo y los fenómenos metapsíquicos : a la luz de la Ciencia y de las Sagradas Escrituras / Samuel Vila a2 ed ampliada aEspaña : CLIE a148 Pag8917 cBK 001040708GENaFUSBCbFUSBCd2005-01-17l0oG 289.9 V695e p7492r2019-12-12 00:00:00t1w2016-01-26yBKB0C3 c39017d39017 atextobtxt2rdacontent 2rdamediaasin mediaciónbn 2rdacarrieravolumenbnc